Pantjasila sesungguhnja api daripada Islam. (Record no. 69907)

MARC details
000 -LEADER
fixed length control field 00674cam a22002291 4500
001 - CONTROL NUMBER
control field sa 66005351
003 - CONTROL NUMBER IDENTIFIER
control field DLC
005 - DATE AND TIME OF LATEST TRANSACTION
control field 20260227112248.0
008 - FIXED-LENGTH DATA ELEMENTS--GENERAL INFORMATION
fixed length control field 800929s1959 io b 000 0 ind
010 ## - LIBRARY OF CONGRESS CONTROL NUMBER
LC control number sa 66005351
040 ## - CATALOGING SOURCE
Original cataloging agency DLC
Transcribing agency DLC
Modifying agency DLC
043 ## - GEOGRAPHIC AREA CODE
Geographic area code a-io---
050 00 - LIBRARY OF CONGRESS CALL NUMBER
Classification number JQ763 1959
Item number .S5
100 1# - MAIN ENTRY--PERSONAL NAME
Personal name Syahar, Saidus.
245 10 - TITLE STATEMENT
Title Pantjasila sesungguhnja api daripada Islam.
260 ## - PUBLICATION, DISTRIBUTION, ETC.
Place of publication, distribution, etc. [Djakarta?]
Name of publisher, distributor, etc. Djamʼijatul Muslimin Indonesia
Date of publication, distribution, etc. [1959?]
300 ## - PHYSICAL DESCRIPTION
Extent 31 p.
Dimensions 17 cm.
500 ## - GENERAL NOTE
General note At head of title: Islam dan Pantjasila.
504 ## - BIBLIOGRAPHY, ETC. NOTE
Bibliography, etc. note Bibliographical footnotes.
651 #0 - SUBJECT ADDED ENTRY--GEOGRAPHIC NAME
Geographic name Indonesia
General subdivision Politics and government
Chronological subdivision 1950-1966.
650 #0 - SUBJECT ADDED ENTRY--TOPICAL TERM
Topical term or geographic name entry element Pancasila.

No items available.

Powered by Koha